IFRS 13 Oceňovanie reálnou hodnotou

Hlavné črty IFRS 13, ako sú definícia reálnej hodnoty, techniky oceňovania, hierarchia reálnych hodnôt, či zverejnenia týkajúce sa reálnych hodnôt. Tento štandard má byť aplikovaný účtovnými jednotkami účtujúcimi podľa IFRS najneskôr od 1.1.2013.

Saved in:
Bibliographic Details
Main Author: Špeťko, Peter
Format: Book Chapter
Language:Slovak
Subjects:
Tags: Add Tag
No Tags, Be the first to tag this record!

MARC

LEADER 00000nla$a2200000$$$4500
001 0143798
005 20231121083532.1
041 0 |a slo 
044 |a SK 
245 1 0 |a IFRS 13 Oceňovanie reálnou hodnotou  |c Peter Špeťko 
520 |a Hlavné črty IFRS 13, ako sú definícia reálnej hodnoty, techniky oceňovania, hierarchia reálnych hodnôt, či zverejnenia týkajúce sa reálnych hodnôt. Tento štandard má byť aplikovaný účtovnými jednotkami účtujúcimi podľa IFRS najneskôr od 1.1.2013. 
610 2 0 |a štandardy účtovné medzinárodné 
610 2 0 |a hodnota reálna 
610 2 0 |a výkazy finančné 
610 2 0 |a účtovníctvo finančné 
610 2 0 |a oceňovanie 
610 2 0 |a výkazy účtovné konsolidované 
100 1 |a Špeťko, Peter